| 000 | 01838nam a2200325 a 4500 | ||
|---|---|---|---|
| 005 | 20260322212051.0 | ||
| 008 | data | ||
| 020 | _a0788838121 | ||
| 020 | _a9780788838125 | ||
| 040 | _aDonation | ||
| 099 | _aDVD 733 | ||
| 245 | 1 | 0 |
_aAlexander Dumas' The Count of Monte Cristo / _h[videorecording] _cAlexandre Dumas. |
| 246 | 0 | _aCount of Monte Cristo. | |
| 250 | _aWidescreen. | ||
| 260 |
_aBurbank, CA _bTouchstone Home Entertainment : distributed by Buena Vista Home Entertainment _cc2002 |
||
| 300 |
_aDVD, 5.1 Dolby digital. 1 videodisc (131 min.) : _b sd., col. ; _c 4 3/4 in. |
||
| 500 | _aAlso issued on VHS. | ||
| 500 | _aBased on the novel by Alexander Dumas. | ||
| 500 | _aCast: Jim Caviezel, Guy Pearce, Richard Harris. | ||
| 500 | _aMPAA rating: PG-13. | ||
| 500 | _aSpecial features: commentary by Kevin Reynolds; theatrical trailer; The Pen (feature on Alexandre Dumas); adapting a classic (screenwriting feature); The Napoleonic World (production design feature); The Clash Of Steel (fight choreography feature); deleted scenes; sword choreography; the final duel; layer by layer sound design; Edmonds escape. | ||
| 520 | _aAn innocent man, Edmond Dantes, is imprisoned for years on a godforsaken island while the friend who betrayed him takes Dantes ravishing fianc ̌for himself. Dantes eventually escapes, recovers a fortune in buried pirate treasure, transforms himself into the mysterious Count of Monte Cristo, and methodically goes about exacting his revenge. | ||
| 650 | 4 | _aAdventure films. | |
| 650 | 0 |
_aRevenge _xDrama |
|
| 650 | 0 |
_aFrance _xHistory _vDrama |
|
| 700 | 1 |
_aDumas, Alexandre, _d1802-1870. Comte de Monte-Cristo. English. |
|
| 730 | _aCount of Monte Cristo (Motion picture : 2002) | ||
| 856 | 4 | 1 | _uhttps://images-na.ssl-images-amazon.com/images/I/81LQ9cBF%2BSL._SY445_.jpg |
| 001 | data | ||
| 999 |
_c1220 _d1220 |
||